Mere humanity : (Record no. 10077)

MARC details
000 -LEADER
fixed length control field 01400cam a2200337 a 4500
001 - CONTROL NUMBER
control field 14359585
003 - CONTROL NUMBER IDENTIFIER
control field GBCCL
005 - DATE AND TIME OF LATEST TRANSACTION
control field 20241126110725.0
008 - FIXED-LENGTH DATA ELEMENTS--GENERAL INFORMATION
fixed length control field 060501s2006 tnu b 001 0 eng d
010 ## -
-- 2006275431
020 ## - INTERNATIONAL STANDARD BOOK NUMBER
International Standard Book Number 0805440186
035 ## - SYSTEM CONTROL NUMBER
System control number (OCoLC)ocm63284464
040 ## - CATALOGING SOURCE
Original cataloging agency TNE
Transcribing agency TNE
Modifying agency BAKER
-- DLC
042 ## -
-- lccopycat
050 00 -
-- BT701.3
-- .W54 2006
082 ## - DEWEY DECIMAL CLASSIFICATION NUMBER
Classification number 233
Item number WIL
100 1# - MAIN ENTRY--PERSONAL NAME
Personal name Williams, Donald T.,
Dates associated with a name 1951-
9 (RLIN) 17495
245 10 - TITLE STATEMENT
Title Mere humanity :
Remainder of title G.K. Chesterton, C.S. Lewis, and J.R.R. Tolkien on the human condition /
Statement of responsibility, etc. Donald T. Williams.
260 ## - PUBLICATION, DISTRIBUTION, ETC.
Place of publication, distribution, etc. Nashville, Tenn. :
Name of publisher, distributor, etc. Broadman & Holman Publishers,
Date of publication, distribution, etc. c2006.
300 ## - PHYSICAL DESCRIPTION
Extent 212 p. ;
Dimensions 21 cm.
504 ## - BIBLIOGRAPHY, ETC. NOTE
Bibliography, etc. note Includes bibliographical references (p. 166-185) and indexes.
600 10 - SUBJECT ADDED ENTRY--PERSONAL NAME
Personal name Chesterton, G. K.
Fuller form of name (Gilbert Keith),
Dates associated with a name 1874-1936.
9 (RLIN) 17496
600 10 - SUBJECT ADDED ENTRY--PERSONAL NAME
Personal name Lewis, C. S.
Fuller form of name (Clive Staples),
Dates associated with a name 1898-1963.
9 (RLIN) 3118
600 10 - SUBJECT ADDED ENTRY--PERSONAL NAME
Personal name Tolkien, J. R. R.
Fuller form of name (John Ronald Reuel),
Dates associated with a name 1892-1973.
9 (RLIN) 17497
650 #0 - SUBJECT ADDED ENTRY--TOPICAL TERM
Topical term or geographic name entry element Theological anthropology.
9 (RLIN) 14798
856 41 - ELECTRONIC LOCATION AND ACCESS
Materials specified Table of contents only
Uniform Resource Identifier <a href="http://www.loc.gov/catdir/toc/fy0702/2006275431.html">http://www.loc.gov/catdir/toc/fy0702/2006275431.html</a>
856 42 - ELECTRONIC LOCATION AND ACCESS
Materials specified Publisher description
Uniform Resource Identifier <a href="http://www.loc.gov/catdir/enhancements/fy1003/2006275431-d.html">http://www.loc.gov/catdir/enhancements/fy1003/2006275431-d.html</a>
906 ## - LOCAL DATA ELEMENT F, LDF (RLIN)
a 7
b cbc
c copycat
d 2
e ncip
f 20
g y-gencatlg
942 ## - ADDED ENTRY ELEMENTS (KOHA)
Source of classification or shelving scheme Dewey Decimal Classification
Koha item type Books
Holdings
Withdrawn status Lost status Source of classification or shelving scheme Damaged status Not for loan Home library Current Library Shelving location Date acquired Total checkouts Full call number Barcode Date last seen Copy number Price effective from Koha item type
    Dewey Decimal Classification     GRACE BIBLE COLLEGE GRACE BIBLE COLLEGE Theology 2024-02-29   233 WIL 016538 2025-05-01 c.1 2024-02-29 Books
© Grace Bible College Library 2025